• 首页
  • 本馆介绍
  • 公告通知
  • 最新文献
  • 馆藏检索
  • 电子资源
  • 读者导购
  • 参考咨询
  • 我的图书馆
  • 登录
  • 详细信息显示
  • 放入我的书架
  • 预约/预借图书
  • 作者相关作品
  • 分类相关作品
  • 丛书相关作品
  • 出版社相关作品

书目信息

  • 表格格式
  • 工作单格式
  • 卡片格式
题名:
柳成荫装帧艺术
    
 
作者: 柳成荫 著
分册:  
出版信息: 北京   人民文学出版社  2006
页数: 181页
开本: 21cm
丛书名:
单 册:
中图分类: TS881
科图分类:
主题词: 封面--设计--作品集--中国--现代 , 插图--作品集--中国--现代
电子资源:
ISBN: 7-02-005402-1
000 00666nam0 2200217 450
005 20070120094652.89
010    @a7-02-005402-1@dCNY32.00
100    @a20060829d2006 ekmy0chiy0120 ea
101 1  @achi@aeng
102    @aCN@b110000
105    @ay z 000yy
200 1  @a柳成荫装帧艺术@f柳成荫著
210    @a北京@c人民文学出版社@d2006
215    @a181页@c照片、插图@d21cm
330    @a本书精选了八十余帧中外文学作品的封面设计和九十余幅插图,大体代表了作者的艺术水平。
606 0  @a封面@x设计@x作品集@y中国@z现代
606    @a插图@x作品集@y中国@z现代
690    @aTS881@v4
701  0 @a柳成荫@4著
801  0 @aCN@b中图数据@c20070120
905    @a10447@dTS881@e43
    
    柳成荫装帧艺术/柳成荫著.-北京:人民文学出版社,2006
    181页:照片、插图;21cm
    
    
    ISBN 7-02-005402-1:CNY32.00
    本书精选了八十余帧中外文学作品的封面设计和九十余幅插图,大体代表了作者的艺术水平。
●
相关链接 在E读中查询图书 在五车中查询图书 在当当中查询图书 在豆瓣中查询图书


正题名:柳成荫装帧艺术     索取号:TS881/43         预约/预借

序号 登录号 条形码 馆藏地/架位号 状态 备注
1 0600849   206008498   第二样本阅览室/ [索取号:TS881/43] 在馆    
2 0600850   206008504   第三借阅区/ [索取号:TS881/43] 在馆    
3 0600851   206008513   第三借阅区/ [索取号:TS881/43] 在馆    
4 0600852   206008522   第三借阅区/ [索取号:TS881/43] 在馆    
5 0600853   206008531   第三借阅区/ [索取号:TS881/43] 在馆    
欢迎您!
大连网信软件有限公司© 版权所有